| 000 | 01351nam a22002777a 4500 | ||
|---|---|---|---|
| 005 | 20090721144927.0 | ||
| 008 | 090721t xxu||||| |||| 00| 0 hin d | ||
| 010 | _aHIN-87403 | ||
| 020 |
_a9788178795034 _c350.00 |
||
| 035 | _aHN-59749 | ||
| 037 | _bDBAD / PUB | ||
| 040 |
_adpl _bhn |
||
| 082 | _a796.077 | ||
| 100 | _aबलजीत सिंह | ||
| 245 |
_aखेल प्रशिक्षण / _bबलजीत सिंह |
||
| 246 |
_aKhela prashikshana _bby Baljeet Singh |
||
| 260 |
_aनई दिल्ली _bस्पोर्टस पब्लिकेशन्स _c2008 |
||
| 270 |
_a7/26,ग्राउण्ड फ्लोर, अंसारी रोड, दरियागंज, _bनई दिल्ली _e110002 _k65749511 _l011-23240261 |
||
| 300 |
_a314पृ. _c22सेमी (अजिल्द) |
||
| 650 | _aअधिशिक्षण (खेलकूद) | ||
| 650 | _aCoaching ( Athletics) | ||
| 650 |
_aअधिशिक्षण (खेलकूद) _xप्रशिक्षण |
||
| 650 |
_aCoaching (Athletics) _xTraining of |
||
| 942 |
_2ddc _cHN _mबलजी _h796.077 |
||
| 999 |
_c28489 _d28489 |
||